00330nam a2200133Ia 4500008004000000041000800040082001100048100002000059245003200079260004200111300001100153650001500164650001700179210210b1893 xxu||||| |||| 00| 0 eng d aeng a532/65 aPINKERTON (R H) aHydrostatics and pneumatics aLondonbBlackie and Son Limitedc1893 avi,344 apneumatics aHydrostatics